Logo BPK

Biblioteka

Politechniki Koszalińskiej

The tragic voice : (Rekord nr 50051)

Szczegóły MARC
000 -ETYKIETA REKORDU
podpole kontrolne o stałej długości 00763nam a2200253 i 4500
001 - NUMER KONTROLNY REKORDU
pole kontrolne bgj
020 ## - MIĘDZYNARODOWY ZNORMALIZOWANY NUMER KSIĄŻKI - ISBN
ISBN 0030109310
040 ## - ŹRÓDŁO KATALOGOWANIA
Instytucja, która utworzyła rekord BPK
041 0# - KOD JĘZYKA
Kod języka tekstu eng
044 ## - KOD KRAJU WYDAWCY/PRODUCENTA
Kod kraju wydawcy/producenta USA
080 ## - UNIWERSALNA KLASYFIKACJA DZIESIĘTNA - UKD
UKD 821.111
920 ## - Międzynarodowy znormalizowany numer książki – ISBN
ISBN 0-03-010931-0
008 - POLE O STAŁEJ DŁUGOŚCI - DANE KONTROLNE
podpole kontrolne o stałej długości s uk f |000 0 eng
245 10 - TYTUŁ/ODPOWIEDZIALNOŚĆ
Tytuł The tragic voice :
Ciąg dalszy tytułu Shakespeare /
Pozostałe elementy strefy tytułu i oznaczenia odpowiedzialności general editor Albert R. Kitzhaber ; literature editor Stoddard Malarkey ; Donald Macrae.
260 ## - STREFA ADRESU WYDAWNICZEGO
Miejsce wydania New York :
Nazwa wydawcy/dystrybutora Holt, Rinehart and Winston,
Data publikacji, dystrybucji/powstania dokumentu cop. 1974.
300 ## - STREFA OPISU FIZYCZNEGO
Objętość VII, 384 s. :
Inne cechy fizyczne il. ;
Rozmiary 24 cm.
600 1# - HASŁO PRZEDMIOTOWE W FORMIE NAZWY OSOBOWEJ
Nazwa osobowa Shakespeare, William
Daty związane z nazwą (1564-1616)
650 9# - HASŁO PRZEDMIOTOWE W FORMIE NAZWY OGÓLNEJ LUB JEDNOSTKOWEJ
Nazwa ogólna lub geograficzna Literatura angielska
650 9# - HASŁO PRZEDMIOTOWE W FORMIE NAZWY OGÓLNEJ LUB JEDNOSTKOWEJ
Nazwa ogólna lub geograficzna Dramat angielski
700 1# - HASŁO DODATKOWE - NAZWA OSOBOWA
Nazwa osobowa KITZHABER, Albert R.
700 1# - HASŁO DODATKOWE - NAZWA OSOBOWA
Nazwa osobowa MALARKEY, Stoddard.
700 1# - HASŁO DODATKOWE - NAZWA OSOBOWA
Nazwa osobowa MACRAE, Donald.
856 ## - LOKALIZACJA I DOSTĘP DO ELEKTRONICZNYCH DOKUMENTÓW ZDALNYCH
Link (URL) http://koha.tu.koszalin.pl/cgi-bin/koha/opac-detail.pl?biblionumber=50051
Tekst linku Katalog online BPK
942 ## - DODATKOWE ELEMENTY (KOHA)
Typ dokumentu Książka
Egzemplarze
Wycofany Status egzemplarza Uszkodzony Dostępność Lokalizacja stała Lokalizacja bieżąca Miejsce przechowywania Sygnatura Kod kreskowy Typ dokumentu
      Tylko na miejscu Biblioteka Politechniki Koszalińskiej Biblioteka Politechniki Koszalińskiej Czytelnia Wydziałowa ul. Kwiatkowskiego 6e S 2689 02435077 Książka
© 2023 Biblioteka Politechniki Koszalińskiej :: KOHA